Ciudades más pobladas de Argentina por gobierno local - Estadísticas

Estadísticas generales
  • Esta prueba ha sido intentada 49 veces
  • La puntuación promedio es 5 de 10
Estadísticas de respuestas
Hint Respuesta % Correcto
1,029,619 Rosario
93%
1,498,060 Córdoba
88%
756,074 La Plata
70%
598,835 San Miguel de Tucumán
65%
591,163 Salta
58%
1,837,168 La Matanza
53%
631,774 Quilmes
35%
685,644 Lomas de Zamora
28%
660,569 General Pueyrredón
16%
583,209 Almirante Brown
14%
No se encontraron pruebas coincidentes
Distribución de puntuación
Porcentaje de gente con cada puntuación
Porcentaje por número respondido
Historial de tus puntuaciones
No has intentado esta prueba.